|
|
|
|
| LEADER |
00000nab a2200000uu 4500 |
| 001 |
vtls010883290 |
| 003 |
SK-MaSNL |
| 005 |
20260303145148.0 |
| 008 |
230222|2011 xo |||||||||||||||||rus| |
| 015 |
|
|
|a SNBRB
|
| 035 |
|
|
|a (urnnbn)urn:nbn:sk:snk:ar-00247k
|
| 035 |
|
|
|a (uuid)6eb66ae5-051e-4223-abe4-ebc0b7681d7d
|
| 035 |
|
|
|a urn:nbn:sk:snk-ab8eur
|
| 040 |
|
|
|a SNKBUCL
|b slo
|c SNKBUCL
|e AACR2
|
| 041 |
0 |
|
|a rus
|
| 044 |
|
|
|a xo
|c SK
|
| 100 |
1 |
|
|a Shtyrova, Alima
|4 aut
|9 1167540
|
| 245 |
1 |
0 |
|a GENEZIS KONCEPTA "BOLEZŇ" V EVROPEJSKOM ROMANTIZME
|c Alima Shtyrova
|
| 773 |
0 |
|
|t Acta Nitriensiae : zborník Filozofickej fakulty Univerzity Konštantína Filozofa v Nitre
|g Č. 12 (2011), s. 183-199
|
| 958 |
|
|
|a OND
|
| 958 |
|
|
|a EUIPO
|
| 958 |
|
|
|a article10
|
| 999 |
|
|
|c 2000993
|d 2002923
|